[Event "Bundesliga 8485"]
[Site "Germany"]
[Date "1985.??.??"]
[Round "?"]
[White "Seppeur, Reinhold"]
[Black "Wockenfuss, Klaus"]
[Result "1/2-1/2"]
[WhiteElo "2295"]
[BlackElo "2375"]

1.e4 e6 2.d4 d5 3.Nd2 Nc6 4.Ngf3 Nf6 5.e5 Nd7 6.Nb3 a6 7.Bf4 f6 8.c3 fxe5
9.dxe5 Be7 10.Bd3 O-O 11.Bg3 Qe8 12.O-O Nc5 13.Bc2 Nxb3 14.axb3 Bd7 15.Nd2 Bc5
16.b4 Bb6 17.Nb3 Ne7 18.Nd4 Qf7 19.Qd2 Bxd4 20.Qxd4 Nf5 21.Qd2 Bb5 22.Rfe1 Rad8
23.Rad1 Rd7 24.f3 Ne7 25.Qg5 h6 26.Qg4 Nf5 27.Bf2 b6 28.Rd2 Qe8 29.h4 Rdf7
30.Qg6 Re7 31.Qg4 Qf7 32.h5 Ree8 33.f4 Ne7 34.g3 Rc8 35.Be3 c5 36.bxc5 bxc5
37.Bg6 Nxg6 38.hxg6 Qd7 39.Qh3 Qe8 40.Qg4 Bc4 41.Red1 Rf5 42.Rh2 Bb3 43.Rdd2 Qa4
44.Qe2 Qe4 45.Bf2 Qa4 46.Be3 Qa1+ 47.Qf1 Qa4 48.Qe2 Bc4 49.Qd1 Qe8 50.Qg4 Qa4
51.Qd1 Bb3 52.Qe2  1/2-1/2

[Event "Bundesliga 8485"]
[Site "Germany"]
[Date "1985.??.??"]
[Round "?"]
[White "Schruefer, Guenther"]
[Black "Budde, Vladimir"]
[Result "1-0"]
[WhiteElo "2205"]
[BlackElo "2360"]

1.e4 e6 2.d4 d5 3.Nd2 a6 4.Ngf3 c5 5.exd5 exd5 6.dxc5 Bxc5 7.Nb3 Ba7 8.Be2 Ne7
9.O-O O-O 10.Nbd4 Nd7 11.c3 Nc5 12.Bf4 Ng6 13.Be3 f5 14.c4 f4 15.Bd2 Ne4
16.Bb4 Re8 17.Rc1 Qb6 18.Qa4 Bg4 19.cxd5 Qf6 20.Ne6 b5 21.Qb3 Bxe6 22.dxe6 Qxe6
23.Qxe6+ Rxe6 24.Bd1 Ree8 25.Bb3+ Kh8 26.Bd5 Rab8 27.Rc2 Nf6 28.Bb3 Bb6 29.Rfc1 a5
30.Bd6 Rbd8 31.Ng5 a4 32.Bf7 Ne4 33.Bxe8 Nxd6 34.Bxg6 hxg6 35.Rc6  1-0

[Event "DDR-ch 34th"]
[Site "Jueterbog"]
[Date "1985.??.??"]
[Round "?"]
[White "Tischbierek, Raj"]
[Black "Knaak, Rainer"]
[Result "1/2-1/2"]
[WhiteElo "2460"]
[BlackElo "2530"]

1.e4 e6 2.d4 d5 3.Nd2 Be7 4.Ngf3 Nf6 5.e5 Nfd7 6.c3 c5 7.Bd3 Nc6 8.O-O cxd4
9.cxd4 a5 10.Nb1 Qb6 11.Qa4 g5 12.Be3 Qxb2 13.Nbd2 g4 14.Rab1 Qa3 15.Qxa3 Bxa3
16.Ne1 Be7 17.Be2 Rg8 18.f3 Bg5 19.f4 Be7 20.Nd3 Nb4 21.Nxb4 axb4 22.Rb2 Nb6
23.Rc2 Bd7 24.Bd3 h5 25.f5 exf5 26.Bxf5 Bb5 27.Re1 Nc4 28.Bf4 Bg5 29.g3 Nxd2
30.Rxd2 Bc4 31.e6 Bxf4 32.gxf4 Ra6 33.Rb2 Rb6 34.e7 Rf6 35.Rxb4 b5 36.a4 Rxf5
37.axb5 Rxf4 38.b6 Re4 39.Rxe4 dxe4 40.Rxc4 Kxe7 41.Rc5 Rb8 42.Rb5 Kd6 43.Kf2 h4
44.Ke3  1/2-1/2

[Event "Linares"]
[Site "Linares"]
[Date "1985.??.??"]
[Round "?"]
[White "Ljubojevic, Ljubomir"]
[Black "Rivas Pastor, Manuel"]
[Result "1/2-1/2"]
[WhiteElo "2595"]
[BlackElo "2480"]

1.e4 e6 2.d4 d5 3.Nd2 Be7 4.c3 dxe4 5.Nxe4 Bd7 6.Qg4 g6 7.Qg3 Bc6 8.Bd3 Nd7
9.Nf3 Ngf6 10.Nxf6+ Bxf6 11.Bf4 Bxf3 12.Bxc7 Bh4 13.Bxd8 Bxg3 14.gxf3 Bxh2
15.Bg5 Bd6 16.O-O-O Be7 17.Bh6 Bf6 18.f4 O-O-O 19.Rh3 Rhe8 20.Bb5 Be7 21.Re1 a6
22.Ba4 b5 23.Bb3 Nf6 24.Kd2 Nd5 25.Kd3 Rd7 26.f5 gxf5 27.Bxd5 Rxd5 28.Bg7 Rd7
29.Rxh7 Bd8 30.Be5 Rg8 31.Reh1 Kb7 32.Rg7 Rxg7 33.Bxg7 f6 34.Bf8 Bb6 35.Rh6 Rf7
36.Bd6 Kc6 37.Bg3 Bd8 38.b3 Rd7 39.Bh4 e5 40.Ke3 exd4+ 41.cxd4 Kd5 42.Rh8 Ke6
43.Kd3 Kf7 44.f3 Kg7 45.Re8 Kf7 46.Re2 Bb6 47.Bf2 Re7 48.Rb2 Ba5 49.Bg3 Bc7
50.Bf2 Ba5 51.Rb1 Rc7 52.b4 Bb6 53.Rh1 Rd7 54.Rh8 Bd8 55.a3 Ke6 56.Be3 Rd5
57.Kc3 Rd7 58.Kd3 Rd5 59.Rh1  1/2-1/2

[Event "Lugano op"]
[Site "Lugano"]
[Date "1985.??.??"]
[Round "6"]
[White "Salazar, Hernan"]
[Black "Arapovic, Vitomir"]
[Result "1-0"]
[WhiteElo "2350"]
[BlackElo "2405"]

1.e4 e6 2.d4 d5 3.Nd2 Nc6 4.c3 g6 5.Ngf3 Nh6 6.Bd3 Bg7 7.O-O O-O 8.Re1 f6
9.Nb3 Nf7 10.Bf4 Ne7 11.exd5 exd5 12.Nc5 c6 13.Qb3 b6 14.Ne6 Bxe6 15.Rxe6 Qd7
16.Re2 Rae8 17.Rae1 c5 18.Bb5 Nc6 19.Rxe8 Rxe8 20.Rxe8+ Qxe8 21.Qxd5 Ne7
22.Qb3 Qf8 23.Bc4  1-0

[Event "WchT U26"]
[Site "Mendoza"]
[Date "1985.??.??"]
[Round "4"]
[White "Herrera, Miguel"]
[Black "Luce, Sebastien"]
[Result "1-0"]
[WhiteElo "2245"]
[BlackElo "2310"]

1.e4 e6 2.d4 d5 3.Nd2 Nc6 4.Ngf3 Nf6 5.e5 Nd7 6.Be2 f6 7.exf6 Nxf6 8.c4 Bd6
9.c5 Be7 10.Bb5 Bd7 11.Bxc6 Bxc6 12.Ne5 Bd7 13.Qe2 O-O 14.O-O Bc8 15.b4 Qe8
16.a4 b6 17.Nb3 a6 18.f3 Rb8 19.Bd2 bxc5 20.dxc5 Ra8 21.b5 Nd7 22.Nxd7 Qxd7
23.Bc3 Rb8 24.c6 Qd8 25.Be5 Bd6 26.Nd4 Bc5 27.Rfc1 Qe7 28.Kh1 Ra8 29.g3 Bb6
30.f4 Qf7 31.Rf1 Rb8 32.Rab1 Re8 33.Ra1 Rd8 34.Kg2 Ra8 35.h3 Rb8 36.Rab1 Ra8
37.Ra1 Rb8 38.h4 Ra8 39.Kh2 Rb8 40.Rfc1 Qf8 41.Re1 Ra8 42.Nb3 Qf5 43.Bd4 e5
44.Bxb6 cxb6 45.Qf3 exf4 46.gxf4 axb5 47.axb5 Rxa1 48.Rxa1 Qf6 49.Kg3 Bf5
50.Rg1 Be4 51.Qe3 Ra8 52.Nd2 Qb2 53.Nc4 Qxb5 54.Nxb6 Qxc6 55.Nxa8 Qxa8 56.Re1 Qe8
57.Kh2 Qh5 58.Qg3 h6 59.Kg1 Kh7 60.Kf2 Qf5 61.Rf1 Qf6 62.Re1 Kh8 63.Re2 Kg8
64.Re1 Kf7 65.Re2 Qd4+ 66.Qe3 Qa1 67.Re1 Qf6 68.Qg3 Qe6 69.Qe3 Qe7 70.Qg3 Kf6
71.Qc3+ Kf5 72.Qg3 Qa7+ 73.Qe3 Qa2+ 74.Re2 Qa1 75.Re1 Qf6 76.Qg3 Qb2+ 77.Re2 Qb6+
78.Ke1 Qb1+ 79.Kf2 Qb6+ 80.Ke1 Qb4+ 81.Rd2 Kf6 82.Qe3 Ke6 83.Kf2 Kf5 84.Kg3 Qc4
85.Qa3 Qc8 86.Ra2 Qb8 87.Qe3 g5 88.hxg5 hxg5 89.Rf2 Qd6 90.Rf1 Qb8 91.Rf2 Qc7
92.Rf1 Qd6 93.Rf2 d4 94.Qd2 Qc7 95.Rf1 d3 96.Rf2 Qd6 97.Qa5+ Bd5 98.Qd2 Be4
99.Qa5+ Bd5 100.Qd2 Ke4 101.Rf3 Be6 102.Re3+ Kf5 103.Qa5+ Kf6 104.Qxg5+ Kf7
105.Qh5+ Kg7 106.Qf3 Bf5 107.Qh5 d2 108.Qg5+ Bg6 109.Qe7+ Qxe7 110.Rxe7+ Kf6
111.Rd7 Bf7 112.Rxd2 Kf5 113.Rc2 Bb3 114.Rc8 Be6 115.Rf8+ Kg6 116.Kh4 Kg7
117.Re8 Bf7 118.Re5 Kf6 119.Kg4 Bb3 120.Rc5 Bd1+ 121.Kg3 Bb3 122.Kf3  1-0

[Event "WchT U26"]
[Site "Mendoza"]
[Date "1985.??.??"]
[Round "7"]
[White "Izquierdo, Daniel"]
[Black "Contin, Daniel"]
[Result "0-1"]
[WhiteElo "2295"]
[BlackElo "2265"]

1.e4 e6 2.d4 d5 3.Nd2 Nc6 4.Ngf3 Nf6 5.e5 Nd7 6.Bb5 Ncb8 7.c3 b6 8.O-O Ba6
9.Bxa6 Nxa6 10.Ne1 c5 11.f4 Qc7 12.f5 O-O-O 13.Qg4 Qc6 14.Ndf3 g6 15.fxe6 fxe6
16.Nd3 Re8 17.Ng5 cxd4 18.cxd4 Qc4 19.Nf2 h5 20.Qd1 Nb4 21.Bf4 Kb7 22.Rc1 Qxa2
23.Ra1 Qc4 24.Rxa7+ Kxa7 25.Qa4+ Kb8 26.Qxd7 Qc6 27.Qf7 Re7 28.Qxg6 Qe8 29.Qb1 Rc7
30.Nd3 Nc2 31.Qa2 Qb5 32.Nf2 Ra7 33.Qb1 Ra1 34.Qxa1 Nxa1 35.Rxa1 Qxb2 36.Rc1 Bh6
37.h4 Rf8 38.Nd3 Qxd4+ 39.Kh1 Bxg5  0-1

[Event "WchT U26"]
[Site "Mendoza"]
[Date "1985.??.??"]
[Round "8"]
[White "Trepp, Markus"]
[Black "Lobron, Eric"]
[Result "1/2-1/2"]
[WhiteElo "2355"]
[BlackElo "2505"]

1.e4 e6 2.d4 d5 3.Nd2 Nc6 4.Ngf3 Nf6 5.e5 Nd7 6.Bb5 a5 7.O-O Be7 8.Re1 Na7
9.Bd3 b6 10.c4 Ba6 11.Bc2 c6 12.b3 Rc8 13.Bb2 Rc7 14.Rc1 Nf8 15.Bb1 Rd7 16.c5 Rb7
17.a4 Nd7 18.Ba3 g6 19.Rc3 bxc5 20.dxc5 Qb8 21.Qc1 O-O 22.Bd3 Bxd3 23.Rxd3 Rd8
24.Qc3 Rb4 25.Bxb4 axb4 26.Qd4 Nxc5 27.Rde3 Nd7 28.Qg4 c5 29.Ng5 Bxg5  1/2-1/2

[Event "Moscow-B"]
[Site "Moscow"]
[Date "1985.??.??"]
[Round "?"]
[White "Georgiev, Krum"]
[Black "Eingorn, Vereslav S"]
[Result "1/2-1/2"]
[WhiteElo "2445"]
[BlackElo "2525"]

1.e4 e6 2.d4 d5 3.Nd2 a6 4.Ngf3 c5 5.exd5 exd5 6.dxc5 Bxc5 7.Nb3 Ba7 8.Qe2+ Qe7
9.Bd2 Be6 10.Be3 Nc6 11.Bxa7 Rxa7 12.Qe3 Bg4 13.Qxe7+ Ngxe7 14.Be2 O-O 15.O-O Bxf3
16.Bxf3 Ne5 17.Nd4 N7c6 18.Rfd1 Rd8 19.Be2 Raa8 20.Rd2 Nxd4 21.Rxd4 Rac8
22.Rc1 Kf8 23.c3 Nc6 24.Rdd1 d4 25.Bg4 Rb8 26.cxd4 Nxd4 27.Kf1 Nc6 28.Rd7 Ne5
29.Rxd8+  1/2-1/2

[Event "Munich op"]
[Site "Munich"]
[Date "1985.??.??"]
[Round "?"]
[White "Klundt, Klaus"]
[Black "Stocker, Rupert"]
[Result "0-1"]
[WhiteElo "2340"]
[BlackElo "2200"]

1.e4 e6 2.d4 d5 3.Nd2 a6 4.Ngf3 c5 5.dxc5 Bxc5 6.Bd3 Nc6 7.O-O Nf6 8.e5 Nd7
9.Nb3 Be7 10.Re1 Qc7 11.Bf4 Nb4 12.Nbd4 Nxd3 13.cxd3 Nb8 14.Rc1 Nc6 15.Nxc6 bxc6
16.Nd4 Bd7 17.Qg4 Bf8 18.Re2 Rc8 19.Rec2 Qa5 20.a3 Qa4 21.Be3 g6 22.Qf4 c5
23.Qf6 Rg8 24.Ne2 Be7 25.Qf3 Bb5 26.Nc3 Qb3 27.Nxb5 Qxb5 28.b4 Qxd3 29.Rc3 Qf5
30.Qxf5 gxf5 31.Bxc5 Bg5 32.Be3 Rxc3 33.Rxc3 Kd7 34.Bxg5 Rxg5 35.f4 Rg4 36.Rf3 Kc6
37.Rc3+ Kb6 38.g3 Rg8 39.Kf2 Kb7 40.h3 h5 41.Kf3 Rc8 42.Rd3 Rc1 43.g4 hxg4+
44.hxg4 Rf1+ 45.Kg3 Rg1+ 46.Kf3 fxg4+ 47.Kf2 Rh1 48.Kg2 Rh3 49.Rd4 Rxa3 50.f5 Re3  0-1

[Event "Munich op"]
[Site "Munich"]
[Date "1985.??.??"]
[Round "?"]
[White "Klundt, Klaus"]
[Black "Laengl, K."]
[Result "1-0"]
[WhiteElo "2340"]
[BlackElo "2200"]

1.e4 e6 2.d4 d5 3.Nd2 Nc6 4.Ngf3 Nf6 5.e5 Nd7 6.Nb3 a5 7.a4 b6 8.h4 Be7 9.Rh3 f5
10.Bb5 Bb7 11.Ng5 Nf8 12.Qh5+ Kd7 13.Qf7 h6 14.Qxg7 hxg5 15.Qxh8 g4 16.Rh1 Qe8
17.Bg5 Qf7 18.Bxe7 Nh7 19.Qxa8 Bxa8 20.Ba3 Kc8 21.c3 Qh5 22.O-O-O f4 23.Kb1 Kd8
24.Nc1 Ne7 25.Ne2 Ng6 26.b3 f3 27.Ng3 Qh6 28.gxf3 gxf3 29.Bd3 Nhf8 30.Bc1 Qh8
31.h5 Ne7 32.h6 Bc6 33.h7 Be8 34.Bg5 Bg6 35.Bf6  1-0

[Event "Munich op"]
[Site "Munich"]
[Date "1985.??.??"]
[Round "?"]
[White "Hresc, Vladimir"]
[Black "Tauber, Manfred"]
[Result "1/2-1/2"]
[WhiteElo "2375"]
[BlackElo "2215"]

1.e4 e6 2.d4 d5 3.Nd2 a6 4.exd5 exd5 5.Bd3 c5 6.Qe2+ Be7 7.dxc5 Nf6 8.Nb3 O-O
9.Bg5 Nc6 10.Nf3 Re8 11.O-O Bg4 12.Rfe1 h6 13.Bh4 Ne4 14.Bxe7 Rxe7 15.Qd1 Ng5
16.Rxe7 Bxf3 17.Be2 Bxg2 18.Re3 Be4 19.Nd4 f5 20.f4 Nxd4 21.Qxd4 Ne6 22.Qe5 Nxc5
23.Rg3 Qf8 24.Bh5 Rd8 25.h3 Nd7 26.Qd4 Nf6 27.Be2 Qd6 28.Rf1 b5 29.c3 Rd7
30.Kh2 Re7 31.Qd2 Kh8 32.a3 Kg8 33.Rfg1 Kf8 34.Rg6 Rf7 35.Qe3 Re7 36.Qg3 Ke8
37.Bd1 Qc7 38.a4 Qd6 39.Qh4 Kf8 40.Qg3 Ke8 41.axb5 axb5 42.Qf2 Kf8 43.Be2 b4
44.Qg3 bxc3 45.bxc3 Ra7 46.Rxg7 Ng4+ 47.Rxg4 fxg4 48.Qxg4 Rf7 49.Rf1 Rg7
50.Qc8+ Ke7 51.Bg4 h5 52.Kg3 hxg4 53.hxg4 Qb6 54.Re1 Rg6 55.Qh8 Rc6 56.Qg7+ Kd8
57.Qf8+ Kc7 58.Qe7+ Kc8 59.Qe8+ Kb7 60.Qe7+ Rc7 61.Qa3 Qc5 62.Qxc5 Rxc5 63.Re3 Kc6
64.f5 Kd6 65.Kh4 Rc4 66.Kg5 Ke5 67.Rh3 Rc8 68.Rh6 Rxc3 69.Re6+ Kd4 70.Kf6 Rf3
71.Re5 Ke3 72.g5 d4 73.g6 d3 74.g7 d2 75.g8=Q d1=Q 76.Qe6 Qd8+ 77.Qe7 Qxe7+
78.Kxe7 Rxf5  1/2-1/2

[Event "Naestved"]
[Site "Naestved"]
[Date "1985.??.??"]
[Round "4"]
[White "Short, Nigel D"]
[Black "Vaganian, Rafael A"]
[Result "1-0"]
[WhiteElo "2575"]
[BlackElo "2625"]

1.e4 e6 2.d4 d5 3.Nd2 Nc6 4.Ngf3 Nf6 5.e5 Nd7 6.Be2 f6 7.exf6 Nxf6 8.O-O Bd6
9.c4 O-O 10.c5 Bf4 11.Bb5 Bd7 12.Re1 Qe8 13.Bxc6 Bxc6 14.Nf1 Ne4 15.Bxf4 Rxf4
16.Ng3 Qf8 17.Rc1 Re8 18.Rc2 Re7 19.b3 g6 20.Qc1 Rxf3 21.gxf3 Qxf3 22.Qe3 Qf6
23.f3 Ng5 24.Kg2 Re8 25.Rf2 Nf7 26.f4 h5 27.Qd2 Rf8 28.Nf1 Nh6 29.Ne3 Qh4
30.Kg1 Bd7 31.Ng2 Qf6 32.a4 Nf5 33.Rd1 b6 34.Qc3 Rc8 35.Rc2 h4 36.Ne3 Nh6
37.Rf2 Kh8 38.c6 Be8 39.b4 Bf7 40.h3 g5 41.Ng4 Nxg4 42.hxg4 gxf4 43.Qf3 a5
44.Qxf4 Qxf4 45.Rxf4 Kg7 46.b5 Bg6 47.Re1 Re8 48.Re2 Bd3 49.Rd2 Bg6 50.Re2 Bd3
51.Ref2 Bg6 52.Kh2 e5 53.dxe5 Rxe5 54.Kh3 Re1 55.Kxh4 Kh6 56.Rd4 Rh1+ 57.Kg3 Rg1+
58.Rg2 Ra1 59.Rxd5 Ra3+ 60.Kh4 Rxa4 61.Re2 Be4 62.Re5 Bf3 63.Rh5+  1-0

[Event "Naleczow"]
[Site "Naleczow"]
[Date "1985.??.??"]
[Round "3"]
[White "Przewoznik, Jan"]
[Black "Redzepagic, Rolando"]
[Result "1-0"]
[WhiteElo "2405"]
[BlackElo "2345"]

1.e4 e6 2.d4 d5 3.Nd2 a6 4.Ngf3 c5 5.exd5 exd5 6.dxc5 Bxc5 7.Nb3 Ba7 8.Bd3 Qe7+
9.Qe2 Nc6 10.Bg5 Qxe2+ 11.Kxe2 Nge7 12.Rhe1 f6 13.Be3 Bxe3 14.Kxe3 Kf7 15.Kd2 Nb4
16.Nfd4 Rd8 17.Re3 Nxd3 18.cxd3 Nf5 19.Nxf5 Bxf5 20.Rae1 Rd7 21.Nd4 Bg6 22.f4 Kg8
23.Re7 Rad8 24.Rxd7 Rxd7 25.Rc1 Be8 26.Rc8 Kf7 27.b4 g6 28.g3 Ke7 29.Nb3 Rd8
30.Rxd8 Kxd8 31.Nc5 Bc6 32.Kc3 Ke7 33.Kd4 Kd6 34.h4 b6 35.Nb3 h5 36.Ke3 Bd7
37.Nd4 a5 38.a3 axb4 39.axb4 Ba4 40.f5 g5 41.Ne6 Ke5 42.g4 hxg4 43.h5 Kxf5
44.Nd4+  1-0

[Event "Naleczow"]
[Site "Naleczow"]
[Date "1985.??.??"]
[Round "8"]
[White "Staniszewski, Piotr"]
[Black "Dobosz, Henryk"]
[Result "1/2-1/2"]
[WhiteElo "2380"]
[BlackElo "2390"]

1.e4 e6 2.d4 d5 3.Nd2 Be7 4.Bd3 c5 5.exd5 Qxd5 6.Ngf3 cxd4 7.O-O Nf6 8.Bc4 Qd6
9.Bb5+ Bd7 10.Nc4 Qd5 11.Bxd7+ Nbxd7 12.Qxd4  1/2-1/2

[Event "JUG-ch"]
[Site "Novi Sad"]
[Date "1985.??.??"]
[Round "?"]
[White "Ivanovic, Bozidar"]
[Black "Redzepagic, Rolando"]
[Result "1-0"]
[WhiteElo "2515"]
[BlackElo "2300"]

1.e4 e6 2.d4 d5 3.Nd2 a6 4.Ngf3 c5 5.exd5 exd5 6.dxc5 Bxc5 7.Nb3 Ba7 8.Bg5 Nf6
9.Bh4 O-O 10.Be2 Nc6 11.O-O Re8 12.c3 Qd6 13.Nbd4 Ne4 14.Re1 Qh6 15.Qb3 g5
16.Bg3 g4 17.Nh4 Bxd4 18.cxd4 Nxd4 19.Qd3 Nxg3 20.hxg3 Nxe2+ 21.Rxe2 Rxe2
22.Qxe2 Be6 23.Rd1 Rc8 24.Rxd5 Qc1+ 25.Rd1 Qc2 26.Rd8+ Kg7 27.Qe5+ Kh6 28.Qf6+ Kh5
29.f4 gxf3 30.g4+  1-0

[Event "JUG-ch"]
[Site "Novi Sad"]
[Date "1985.??.??"]
[Round "?"]
[White "Marjanovic, Slavoljub"]
[Black "Vucinic, Pero"]
[Result "1/2-1/2"]
[WhiteElo "2505"]
[BlackElo "2350"]

1.e4 e6 2.d4 d5 3.Nd2 a6 4.Ngf3 c5 5.exd5 exd5 6.Be2 Nf6 7.O-O Be7 8.dxc5 Bxc5
9.Nb3 Ba7 10.c4 O-O 11.cxd5 Nxd5 12.Bg5 Nf6 13.Qc2 Nc6 14.Rad1 Qe7 15.Bc4 Ne5
16.Qe2 Nxf3+ 17.Qxf3 Qe4 18.Bd5 Qg6 19.Qg3 Nxd5 20.Rxd5 Be6 21.Rd2 h6 22.Be7 Qxg3
23.hxg3  1/2-1/2

[Event "Rubinstein mem"]
[Site "Polanica Zdroj"]
[Date "1985.??.??"]
[Round "10"]
[White "Sznapik, Aleksander"]
[Black "Drasko, Milan"]
[Result "1-0"]
[WhiteElo "2450"]
[BlackElo "2460"]

1.e4 e6 2.d4 d5 3.Nd2 Nc6 4.c3 e5 5.exd5 Qxd5 6.Ngf3 exd4 7.Bc4 Qh5 8.cxd4 Bg4
9.O-O O-O-O 10.h3 Be6 11.Qb3 Bd5 12.Bxd5 Qxd5 13.Nc4 f6 14.Rd1 Nge7 15.Bf4 g5
16.Bh2 h5 17.Qc2 Qf5 18.Qa4 g4 19.Ne3 Qe4 20.Nd2 Qg6 21.h4 Rxd4 22.Ndc4 Rxd1+
23.Rxd1 Bh6 24.Nb6+ Kb8 25.Nd7+ Ka8 26.Nc4 a6 27.Bxc7 Nf5 28.Bb6 g3 29.Bc5 gxf2+
30.Bxf2 Rd8 31.Ncb6+ Ka7 32.Nd5+ b6 33.Bxb6+ Kb7 34.Nc5+ Kb8 35.Nxa6+ Kb7
36.Nab4  1-0

[Event "DSV-Turnier"]
[Site "Potsdam"]
[Date "1985.??.??"]
[Round "2"]
[White "Paehtz, Thomas Sr"]
[Black "Knaak, Rainer"]
[Result "0-1"]
[WhiteElo "2380"]
[BlackElo "2530"]

1.e4 e6 2.d4 d5 3.Nd2 Be7 4.Ngf3 Nf6 5.e5 Nfd7 6.Bd3 c5 7.c3 Nc6 8.O-O cxd4
9.cxd4 a5 10.Nb1 Qb6 11.Nc3 Nxd4 12.Nxd4 Qxd4 13.Nb5 Qxe5 14.Re1 Qb8 15.Qg4 O-O
16.Bf4 e5 17.Bg3 Ra6 18.Qf3 Bb4 19.Re2 e4 20.Rxe4 dxe4 21.Qxe4 Nf6 22.Qd4 Qa8
23.Be5 Rc6 24.Qh4 h6 25.Nd4 Rd8 26.Rd1 Rxd4 27.Qxd4 Bg4 28.Bxf6 Bxd1 29.Bxg7 Bh5
30.g4 Bg6  0-1

[Event "Prague zt"]
[Site "Prague"]
[Date "1985.??.??"]
[Round "13"]
[White "Jansa, Vlastimil"]
[Black "Farago, Ivan"]
[Result "1/2-1/2"]
[WhiteElo "2465"]
[BlackElo "2495"]

1.e4 e6 2.d4 d5 3.Nd2 Be7 4.Bd3 c5 5.dxc5 Bxc5 6.Ngf3 Nc6 7.O-O Nge7 8.a3 O-O
9.b4 Bb6 10.Bb2 Ng6 11.c4 Bc7 12.Qb3 d4 13.c5 Nce5 14.Nxe5 Nxe5 15.f4 Ng4
16.e5 f6 17.Nc4 fxe5 18.h3 Qd5 19.Qc2 Nf6 20.fxe5 Bxe5 21.Nxe5 Qxe5 22.Rae1 Qh5
23.Bxd4 Bd7 24.Bc4 Nd5 25.Qe4 Rae8 26.Rxf8+ Rxf8 27.Qe5 Qxe5 28.Rxe5 Rf4
29.Bxd5 exd5 30.Rxd5 Bc6 31.Rd8+ Rf8 32.Rd6 Rf7 33.Rd8+ Rf8 34.Rd6 Rf7 35.Bc3 Rd7
36.Kf2 Rxd6 37.cxd6 h5 38.g3 Kf7 39.Bd4 a6 40.Ke3 g6 41.Kf4 Ke6 42.Bc5 Bg2
43.h4 Bh3 44.a4 Bf5 45.a5 Bb1 46.g4 hxg4 47.Kxg4 Bc2 48.Kg5 Bd3 49.Kh6 Bc2
50.Kg7 Bd3 51.Kf8 Kd7 52.Kf7 Bc2 53.Kf6 Bd3 54.Ke5 Bb1  1/2-1/2

[Event "Sarajevo"]
[Site "Sarajevo"]
[Date "1985.??.??"]
[Round "1"]
[White "Marjanovic, Slavoljub"]
[Black "Andersson, Ulf"]
[Result "1/2-1/2"]
[WhiteElo "2505"]
[BlackElo "2575"]

1.e4 e6 2.d4 d5 3.Nd2 a6 4.Ngf3 c5 5.exd5 exd5 6.Be2 Nf6 7.O-O cxd4 8.Nb3 Be7
9.Nfxd4 O-O 10.Bf4 Nc6 11.Nxc6 bxc6 12.c4 Ne4 13.Rc1 Bd6 14.Bxd6 Qxd6 15.Bd3 Nf6
16.h3 a5 17.cxd5 cxd5 18.Nd4 Bd7 19.Re1 Rfc8 20.Rxc8+ Rxc8 21.Bf5 g6 22.Bxd7 Qxd7
23.Qd2 a4 24.Qf4 Ne4 25.h4 Qc7 26.Qxc7 Rxc7 27.f3 Rc4 28.Rd1 Nc5 29.b3 axb3
30.axb3 Rb4 31.h5 Ne6 32.Nc6 Rxb3 33.hxg6 hxg6  1/2-1/2

[Event "BUL-ch"]
[Site "Sofia"]
[Date "1985.??.??"]
[Round "9"]
[White "Radulov, Ivan"]
[Black "Andonov, Bogomil"]
[Result "1-0"]
[WhiteElo "2415"]
[BlackElo "2300"]

1.e4 e6 2.d4 d5 3.Nd2 Nc6 4.Ngf3 Nf6 5.e5 Nd7 6.Be2 f6 7.exf6 Qxf6 8.Nf1 b6
9.Ng3 g6 10.Bg5 Qf7 11.Qd2 Bd6 12.O-O-O h6 13.Be3 Bb7 14.Kb1 Qg7 15.Nh4 Ne7
16.f4 Nf6 17.Nf3 Nf5 18.Bb5+ c6 19.Bd3 c5 20.dxc5 bxc5 21.Nxf5 exf5 22.Bb5+ Kf8
23.c3 Kg8 24.Bd3 Kh7 25.Ne5 Rhd8 26.Rhe1 Rab8 27.g4 Ne4 28.Bxe4 fxe4 29.Qf2 Rf8
30.Nc4 Bxf4 31.Bxf4 g5 32.Nd6 gxf4 33.Qxc5 f3 34.Nf5 Qf6 35.Qc7+ Kh8 36.Rxe4 Rbc8
37.Qxb7 dxe4 38.Qxe4 f2 39.Qf4 Rcd8 40.Rf1 Rfe8 41.Rxf2 Qg5 42.Qxg5 hxg5
43.Kc2 Re1 44.Nd4 Rg1 45.h3 Rh1 46.b4 Rxh3 47.Rf5 Rc8 48.Rc5 Rxc5 49.bxc5 Kg7
50.c6 Kf6 51.c7 Rh8 52.Nb5  1-0

[Event "Tallinn"]
[Site "Tallinn"]
[Date "1985.??.??"]
[Round "?"]
[White "Kuzmin, Gennadi P"]
[Black "Dolmatov, Sergey"]
[Result "1/2-1/2"]
[WhiteElo "2520"]
[BlackElo "2540"]

1.e4 e6 2.d4 d5 3.Nd2 a6 4.Ngf3 c5 5.exd5 exd5 6.Be2 cxd4 7.O-O Bd6 8.Nb3 Nc6
9.Nbxd4 Nge7 10.Nxc6 bxc6 11.c4 O-O 12.b3 c5 13.cxd5 Nxd5 14.Bg5 Qd7 15.Qd2 Bb7
16.Rad1 Qc7 17.Bc4 Bf4 18.Qc2 Bxg5 19.Bxd5 Be7 20.Qe4 Rab8 21.Rfe1 Bf6 22.Bxb7 Rxb7
23.Rd5 Rb5 24.Qc4 g6 25.Red1 Qa5 26.Qc2 Rc8 27.Rd6 Rb6 28.R6d5 Rb5 29.Qe2 Qc3
30.Rd6 c4 31.Rxa6 Rf5 32.bxc4 Qxc4 33.Qxc4 Rxc4 34.h3 h5  1/2-1/2

[Event "Tallinn"]
[Site "Tallinn"]
[Date "1985.??.??"]
[Round "?"]
[White "Tal, Mihail"]
[Black "Dolmatov, Sergey"]
[Result "1/2-1/2"]
[WhiteElo "2565"]
[BlackElo "2540"]

1.e4 e6 2.d4 d5 3.Nd2 a6 4.Ngf3 c5 5.exd5 exd5 6.Be2 cxd4 7.Nxd4 Nf6 8.O-O Be7
9.b3 O-O 10.Bb2 Nc6 11.N2f3 Re8 12.Nxc6 bxc6 13.c4 Ne4 14.Rc1 Bf6 15.Bxf6  1/2-1/2

[Event "Trencianske Teplice"]
[Site "Trencianske Teplice"]
[Date "1985.??.??"]
[Round "5"]
[White "Prandstetter, Eduard"]
[Black "Pecorelli Garcia, Humberto"]
[Result "1/2-1/2"]
[WhiteElo "2450"]
[BlackElo "2430"]

1.e4 e6 2.d4 d5 3.Nd2 Nc6 4.Ngf3 Nf6 5.e5 Nd7 6.Be2 f6 7.exf6 Qxf6 8.Nf1 Bd6
9.Ne3 O-O 10.O-O Qg6 11.c4 Nf6 12.g3 b6 13.Nh4 Qf7 14.f4 Ne7 15.b3 Bb7 16.Nf3 Kh8
17.Bb2 Rad8  1/2-1/2

[Event "Trencianske Teplice"]
[Site "Trencianske Teplice"]
[Date "1985.??.??"]
[Round "12"]
[White "Prandstetter, Eduard"]
[Black "Ambroz, Jan"]
[Result "1/2-1/2"]
[WhiteElo "2450"]
[BlackElo "2450"]

1.e4 e6 2.d4 d5 3.Nd2 Be7 4.Ngf3 Nf6 5.e5 Nfd7 6.Bd3 c5 7.c3 b6 8.Qe2 a5
9.O-O Ba6 10.c4 Nc6 11.cxd5 Bxd3 12.Qxd3 exd5 13.Qe2 O-O 14.e6 Nf6 15.dxc5 bxc5
16.exf7+ Rxf7 17.Ng5 Nd4 18.Qe1 Rf8 19.Ne6 Nxe6  1/2-1/2

[Event "SWE-ch"]
[Site "Uppsala"]
[Date "1985.??.??"]
[Round "?"]
[White "Lind, Jan Olov"]
[Black "Karlsson, Lars"]
[Result "0-1"]
[WhiteElo "2295"]
[BlackElo "2550"]

1.e4 e6 2.d4 d5 3.Nd2 a6 4.Ngf3 c5 5.exd5 exd5 6.dxc5 Bxc5 7.Be2 Nf6 8.Nb3 Bb6
9.O-O O-O 10.Bg5 Nc6 11.c3 Re8 12.Qc2 Qd6 13.Rad1 Ne4 14.Bh4 Bf5 15.Bd3 Rac8
16.Qb1 Qh6 17.Rde1 Ne5 18.Nfd4 Qxh4 19.Nxf5 Bxf2+ 20.Kh1 Ng3+ 21.Nxg3 Ng4
22.Rxe8+ Rxe8 23.h3 Qxg3 24.Bxh7+ Kh8  0-1

[Event "Varna"]
[Site "Varna"]
[Date "1985.??.??"]
[Round "?"]
[White "Mnatsakanian, Eduard A"]
[Black "Knaak, Rainer"]
[Result "0-1"]
[WhiteElo "2440"]
[BlackElo "2530"]

1.e4 e6 2.d4 d5 3.Nd2 Be7 4.Ngf3 Nf6 5.Bd3 c5 6.exd5 Nxd5 7.dxc5 Nd7 8.Nb3 Nxc5
9.Nxc5 Bxc5 10.O-O O-O 11.Qe2 Qc7 12.Rd1 Nf4 13.Bxf4 Qxf4 14.Rd2 a5 15.Rad1 a4
16.a3 Ra5 17.Bb5 e5 18.Rd5 b6 19.Rxe5 Bb7 20.c4 Raa8 21.h3 Bxf3 22.gxf3 Qg3+
23.Kf1 Bxf2 24.Qe4 Bc5 25.Rd2 Rad8 26.Red5 Qxh3+ 27.Ke2 Rxd5 28.cxd5 h5 29.Kd1 Qg3
30.Bxa4 Bd6 31.Bd7 g6 32.Qe2 Rd8 33.Bb5 h4 34.Qf2 Bf4 35.Qxb6 Qxf3+ 36.Kc2 Rb8
37.Qc6 Bxd2 38.Kxd2 h3  0-1

[Event "Varna"]
[Site "Varna"]
[Date "1985.??.??"]
[Round "?"]
[White "Diaz, Joaquin C"]
[Black "Knaak, Rainer"]
[Result "1/2-1/2"]
[WhiteElo "2410"]
[BlackElo "2530"]

1.e4 e6 2.d4 d5 3.Nd2 Be7 4.c3 c5 5.dxc5 Nf6 6.exd5 Qxd5 7.b4 e5 8.Ngf3 e4
9.Bc4 Qh5 10.Nd4 Qg6 11.Bb5+ Kf8 12.Nf1 Qxg2 13.Ng3 Ng4 14.Qc2 e3 15.f3 Qxc2
16.Nxc2 Ne5 17.Be2 Nbc6 18.Bxe3 Bh3 19.Rg1 h5 20.O-O-O Be6 21.f4 h4 22.Ne4 Nc4
23.Ng5 Nxe3 24.Nxe6+ fxe6 25.Nxe3 a5 26.a3 axb4 27.axb4 Bf6 28.Kb2 Nxb4 29.Ng4 Nd5
30.Nxf6 Nxf6 31.Bc4 Rh5 32.Bxe6 Rxc5 33.f5 Rb5+ 34.Kc2 Re5 35.Rb1 b5 36.Rgd1 Ra7
37.Rd4 Re2+ 38.Rd2 Re5 39.Rg1 Rc7 40.Rd8+ Ke7 41.Rd4 Ke8 42.Rxh4 Re3 43.c4 bxc4
44.Rxc4  1/2-1/2

[Event "Vestmannaeyjum"]
[Site "Vestmannaeyjum"]
[Date "1985.??.??"]
[Round "12"]
[White "Plaskett, Jim"]
[Black "Kristjansson, Bragi"]
[Result "0-1"]
[WhiteElo "2495"]
[BlackElo "2295"]

1.e4 e6 2.d4 d5 3.Nd2 Nc6 4.Ngf3 Nf6 5.e5 Nd7 6.Bd3 Nb4 7.Be2 c5 8.c3 Nc6
9.O-O Be7 10.Bd3 Qb6 11.Re1 O-O 12.dxc5 Nxc5 13.Bc2 f6 14.exf6 Bxf6 15.Nf1 Qd8
16.Be3 b6 17.Qd2 Re8 18.Rad1 Bb7 19.Ng3 Ne5 20.Nxe5 Bxe5 21.Qe2 Bxg3 22.Qh5 Qh4
23.Bxh7+ Kh8 24.Bg6+ Qxh5 25.Bxh5 Bc7 26.Bxe8 Rxe8 27.c4 Ne4 28.f3 Nf6 29.Bg5 Bd6
30.Bxf6 gxf6 31.cxd5 Bc5+ 32.Kh1 e5 33.d6 Rd8 34.d7 Kg7 35.h4 Kf7 36.Re2 Bd4
37.f4 Rh8 38.Kh2 Rxh4+ 39.Kg3 Rh8 40.fxe5 fxe5 41.Rc2 Rd8 42.Rc7 Bd5 43.Rxa7 Ke6
44.b3 Rg8+ 45.Kh2 Rxg2+ 46.Kh3 Rg8 47.Rc1 Rd8 48.Kg4 Kd6 49.Rd1 Be6+ 50.Kf3 Bxd7
51.Rxd4+ exd4 52.Ke4 Kc5 53.Rc7+ Bc6+  0-1

[Event "Hoogovens-B"]
[Site "Wijk aan Zee"]
[Date "1985.??.??"]
[Round "3"]
[White "Sowray, Peter J"]
[Black "Rogers, Ian"]
[Result "0-1"]
[WhiteElo "2330"]
[BlackElo "2485"]

1.e4 e6 2.d4 d5 3.Nd2 Nc6 4.Ngf3 Nf6 5.e5 Nd7 6.Bd3 Be7 7.O-O b6 8.Re1 a5
9.c3 Ncb8 10.Nf1 Ba6 11.Bc2 c5 12.Ng3 h5 13.dxc5 bxc5 14.Ne2 Nb6 15.Qd2 Rg8
16.Qf4 g5 17.Qg3 Kd7 18.Nd2 Nc6 19.b3 Qc7 20.f4 gxf4 21.Qxf4 Rg4 22.Qxf7 Nxe5
23.Qh7 Rag8 24.Nf4 R8g5 25.Rxe5 Qxe5 26.Nf3 Qxc3 27.Qf7 Qxf3 28.Qxe6+ Ke8  0-1